| 000 | 00534nam a2200121Ia 4500 | ||
|---|---|---|---|
| 008 | 220620s9999||||xx |||||||||||||| ||und|| | ||
| 100 | _aHeffer, Cecilia | ||
| 245 | 0 |
_aLace Narratives _bA Monograph, 2005 – 2015 |
|
| 546 | _aEnglish[eng] | ||
| 650 | _aLace-making||Textiles design & Decorative Arts||Philosophy & creative practice||Education & teaching in Arts||Biography of female creative textile designer||Art exhibition | ||
| 856 | _uhttps://library.oapen.org/bitstream/20.500.12657/39697/1/lace-narratives.pdf | ||
| 942 | _cEB | ||
| 999 |
_c22246 _d22246 |
||